000 01804cam a22004697a 4500
003 CHAP
005 20220329142356.0
008 001013d1999 mx r 00110 esp d
010 _a82584
011 _a83556
020 _a9701325257
035 _a94069
040 _cCHAP
082 0 4 _a312.0972
_bI53 N.L.
110 2 _aInstituto Nacional de Estadística, Geografía e Informática. México
_959304
245 1 0 _aEstadísticas vitales del Estado de Nuevo León
_c/por Instituto Nacional de Estadística, Geografía e Informática.
260 _aAguascalientes, Ags. :
_bInstituto Nacional de Estadística, Geografía e Informática,
_c1999-
300 _av. :
_bgráfs., cuads.
410 _aINEGI
490 0 _aCuaderno
500 _aLa biblioteca tiene: 1993-97, 1998, 1999
590 _aBATCH-UPD
_b10
_c20130110
_lUCH01
_h0527
590 _aBATCH-UPD
_b10
_c20130110
_lUCH01
_h2212
590 _aBATCH-UPD
_b10
_c20130410
_lUCH01
_h0207
590 _aBATCH-UPD
_b10
_c20130914
_lUCH01
_h1604
590 _aCONVERSION
_b10
_c20130109
_lUCH01
_h1346
650 1 4 _aDivorcio.
_933034
650 1 4 _aMatrimonio.
_973048
650 1 4 _aMuerte.
_979284
650 1 4 _aNuevo León
_xEstadísticas.
_982159
650 1 4 _aPoblación
_xEstadísticas
_zNuevo León.
_989391
650 1 4 _aPoblación
_zNuevo León.
_989431
810 0 0 _aINEGI
_958045
830 0 0 _aCuaderno
_929704
901 _aBK
905 _aEdna Luz
942 _cLIBRO
949 _a312.0972 I53 N.L.
_bBC
_cINEGI
_d33724000800785
_eINEGI
_f1998
_h97968
_i94069
_sb
949 _a312.0972 I53 N.L.
_bBC
_cINEGI
_d33724000800843
_eINEGI
_f1998
_h97967
_i94069
_sb
949 _a312.0972 I53 N.L.
_bBC
_cINEGI
_d33724000806345
_eINEGI
_f1993-97
_h98919
_i94069
_sb
949 _a312.0972 I53 N.L.
_bBC
_cINEGI
_d33724000852489
_eINEGI
_f1999
_h101391
_i94069
_sb
999 _c82584
_d82584